| 000 | 00946nam a22003137a 4500 | ||
|---|---|---|---|
| 003 | CHAP | ||
| 005 | 20220329134922.0 | ||
| 008 | 971013s1912 r 00010 d | ||
| 010 | _a28058 | ||
| 011 | _a29030 | ||
| 035 | _a33141 | ||
| 040 | _cCHAP | ||
| 082 |
_a516 _bL3 |
||
| 100 | 0 | 0 |
_aLamadrid, Arturo. _964533 |
| 245 | _aCurso abreviado de análisis | ||
| 260 |
_aMéxico : _bSecretaría de Fomento, _c1912 |
||
| 300 | _a522 p. | ||
| 590 |
_aBATCH-UPD _b10 _c20130110 _lUCH01 _h0216 |
||
| 590 |
_aBATCH-UPD _b10 _c20130110 _lUCH01 _h1948 |
||
| 590 |
_aBATCH-UPD _b10 _c20130410 _lUCH01 _h1310 |
||
| 590 |
_aBATCH-UPD _b10 _c20130914 _lUCH01 _h1001 |
||
| 590 |
_aCONVERSION _b10 _c20130109 _lUCH01 _h1316 |
||
| 650 | 1 | 4 |
_aCálculo infinitesimal. _923994 |
| 650 | 1 | 4 |
_aGeometría analítica. _947654 |
| 901 | _aBK | ||
| 942 | _cLIBRO | ||
| 949 |
_a516 L3 _bBC _cBPP _d-77032 _eBPP _i33141 _si |
||
| 949 |
_a516 L3 _bBC _cBPP _d-77033 _eBPP _fc.2 _i33141 _si |
||
| 999 |
_c28058 _d28058 |
||